| 000 | 00464nam a2200193Ia 4500 | ||
|---|---|---|---|
| 005 | 20250423095932.0 | ||
| 008 | 250422s9999 xx 000 0 und d | ||
| 020 | _a9780273726852 | ||
| 050 | _aHD 30.2 .J38/ | ||
| 100 | _aJashapara, Ashok | ||
| 245 | 0 | _aKnowledge management : an integrated approach | |
| 250 | _a2nd ed. | ||
| 260 | _aBoston | ||
| 260 | _bPearson | ||
| 260 | _c2011 | ||
| 300 | _a356 p | ||
| 650 | _aKnowledge management. | ||
| 942 | _cBK | ||
| 999 |
_c31780 _d31780 |
||